[Event "Cappelle Online Blitz op"]
[Site "Europe Echecs INT"]
[Date "2021.03.07"]
[Round "7"]
[White "Couche, Didier"]
[Black "Coutreel, Michel"]
[Result "0-1"]
[WhiteElo "1947"]
[BlackElo "1531"]
[PlyCount "62"]
[EventDate "2021.03.07"]
[EventType "swiss (blitz)"]
[EventRounds "11"]
[EventCountry "FRA"]
[SourceTitle "CBM 201 Extra"]
[Source "ChessBase"]
[SourceDate "2021.05.31"]
[SourceVersion "1"]
[SourceVersionDate "2021.05.31"]
[SourceQuality "1"]

1. d4 g6 2. c4 Bg7 3. e4 d6 4. Nc3 Nd7 5. f4 c5 6. Be3 cxd4 7. Bxd4 Bxd4 8. Qxd4 Ngf6 9. Nf3 0-0 10. Be2 Qb6 11. Qxb6 Nxb6 12. 0-0 Bg4 13. Rfd1 Bxf3 14. gxf3 Rac8 15. b3 a6 16. e5 dxe5 17. fxe5 Nh5 18. Rd4 Rfd8 19. Rad1 Rxd4 20. Rxd4 Kf8 21. f4 Ng7 22. Bf3 Rb8 23. c5 Na8 24. Bxb7 Ne6 25. Rd7 Nxf4 26. Bxa8 Rxa8 27. c6 Ne6 28. Nd5 Ke8 29. Rb7 Rc8 30. c7 Kd7 31. Nb6+ Kc6 0-1